| 000 | 00594nam a2200181Ia 4500 | ||
|---|---|---|---|
| 008 | 240729s9999 xx 000 0 und d | ||
| 022 | _a2222-6931 | ||
| 245 | 0 | _aJournal of European Psychology Students | |
| 260 | _aBelgium | ||
| 260 | _bEuropean Federation of Psychology Students' Associations | ||
| 650 | _a Internal medicine | ||
| 650 | _a Neurosciences. Biological psychiatry. Neuropsychiatry | Philosophy. Psychology. Religion | ||
| 650 | _a Psychology | ||
| 650 | _aMedicine | ||
| 856 | _uhttps://doaj.org/toc/b69bc34b43414b65a9e06c1b45f164f8 | ||
| 942 | _2ddc | ||
| 942 | _cDOAJEJ | ||
| 999 |
_c68081 _d68081 |
||
| 945 |
_a1 _bMadushi Gamage _c1 _dMadushi Gamage |
||